| 000 | 00442nam a22001457a 4500 | ||
|---|---|---|---|
| 999 |
_c60595 _d60595 |
||
| 005 | 20230914143620.0 | ||
| 008 | 230914s1974 gw ||||| |||| 00| 0 ger d | ||
| 041 | _ager | ||
| 080 | _a069 S-81 | ||
| 245 |
_aStaatliche Kunstammlungen Drezden. Porzellansammlung im Zwinger / _bFührer durch das Museum. |
||
| 264 | _c1974. | ||
| 300 |
_a103 p.: _bill.; _c20 cm. |
||
| 653 | _aფაიფურის კოლექცია | ||
| 942 |
_2udc _cBK |
||